000 00643nam a2200217 a 4500
005 20140311163023.0
008 070914s19uu xx 00 eng d
020 _a0070526761
050 _aHD 62.5
_b.P654 1998
100 _aPrice, Courtney
245 _aTips and traps for entrepreneurs.
260 _aNew York :
_bMcGraw-Hill, Inc,
_c1998.
300 _a281p. :
_c23 cm.
521 _aBSBA
546 _aC8639
650 _aNew business enterprises
_xUnited States.
650 _aEntrepreneurship
_xUnited States.
650 _aBusiness enterprises
_xUnited States
_xManagement.
700 _aAllen, Kathleen
942 _cBK
_2lcc
_kFOR
999 _c39492
_d39492